000 00565nam a2200181 4500
001 131377
003 ES-MaACL
005 20250828000910.0
007 t|
008 070214s1972 sp r ||||1| spa d
100 1 _aRodríguez, Justiniano.
_998269
245 1 0 _aRamiro II
_b: rey de León /
_cJustiniano Rodríguez.
260 _aMadrid :
_bInstituto Jerónimo Zurita,
_c1972.
300 _aXXI, 762 p., 47 lám. :
_bil. ;
_c24 cm +
_e6 map.
710 2 _aInstituto Jerónimo Zurita
_95106
852 _aES-MaACL
_jC-48739
_bR.84771
999 _c131377
_d131377